| 000 | 01111nam a2200289Ia 4500 | ||
|---|---|---|---|
| 005 | 20220317001707.0 | ||
| 008 | 170322s2004 c g 000 j s | ||
| 020 | _a9584209132 | ||
| 041 | _aspa | ||
| 100 | 1 |
_aSerrano, Enrique _d1960- |
|
| 245 | 1 | 3 |
_aLa marca de España _cEnrique Serrano |
| 250 | _a1a edición | ||
| 300 |
_a173 páginas _c18 cm |
||
| 490 | _aBooket : cuentos | ||
| 505 | _aGádir -- El día de la partida -- Los vascos ladrones -- La daga de Almazor -- Los avaros de Gerona -- Nosotros los catalanes --El embajador -- Los burladores -- El converso -- La esquiva gloria -- La nube en el ojo -- El buen retiro -- Camino de Guadix | ||
| 650 | 1 | 4 |
_2LEMB _aCuentos colombianos _ySiglo XX |
| 650 | 1 | 4 |
_2LEMB _aLiteratura colombiana _ySiglo XX |
| 650 | 1 | 4 |
_2LEMB _aEspaña en la literatura |
| 651 | 4 |
_aEspaña _vCivilización _xCuento _976885 |
|
| 942 |
_2loc _cBKLIT |
||
| 264 |
_aBogotá _bPlaneta _c2004 |
||
| 336 |
_atexto _btxt _2rdacontent |
||
| 337 |
_asin mediación _bn _2rdamedia |
||
| 338 |
_avolumen _bnc _2rdacarrier |
||
| 040 |
_aCO-BoRNBP _bspa _erda _cCO-BoRNBP |
||
| 084 | _aC SER4 | ||
| 999 |
_c7785 _d7785 |
||